书目信息 |
| 题名: |
笛子入门
|
|
| 作者: | 周可奇 编著 | |
| 分册: | ||
| 出版信息: | 长沙 湖南人民出版社 2005.9 |
|
| 页数: | 11, 191页 | |
| 开本: | 16开 | |
| 丛书名: | 新概念音乐丛书 | |
| 单 册: | ||
| 中图分类: | J632.11 | |
| 科图分类: | ||
| 主题词: | 民族器乐--理论 , 民族乐器--奏法 | |
| 电子资源: | ||
| ISBN: | 7-5438-4063-4 | |
| 000 | 01138nam0 2200349 450 | |
| 000 | 01101nam0 2200337 450 | |
| 000 | 01009nam0 2200313 450 | |
| 000 | 00955nam0 2200289 450 | |
| 000 | 00951nam0 2200277 450 | |
| 000 | 00914nam0 2200265 45 | |
| 001 | TSC-171937 | |
| 005 | 20061216171954.60 | |
| 010 | @a7-5438-4063-4@dCNY23.00 | |
| 100 | @a20060829d2005 ekmy0chiy0121 ea | |
| 101 | 0 | @achi |
| 102 | @aCN@b110000 | |
| 105 | @ay z 000yy | |
| 200 | 1 | @a笛子入门@ADi Zi Ru Men@f周可奇编著@FZhou Ke Qi Bian Zhu |
| 210 | @a长沙@c湖南人民出版社@d2005.9 | |
| 215 | @a11, 191页@d16开 | |
| 225 | 2 | @a新概念音乐丛书 |
| 330 | @a本书内容包括:竹笛演奏基础知识、发音及气息练习、各种指法及节奏练习、手指技术等。 | |
| 410 | 0 | @12001 @a新概念音乐丛书 |
| 606 | 0 | @a民族器乐@x理论 |
| 606 | 0 | @a民族乐器@x奏法 |
| 690 | @aJ632.11@v4 | |
| 701 | 0 | @a周可奇@AZhou Ke Qi@4编著 |
| 801 | 0 | @aCN@b中图数据@c20061216 |
| 905 | @a10447@dJ632.11@e44 | |
| 笛子入门/周可奇编著.-长沙:湖南人民出版社,2005.9 |
| 11, 191页;16开.-(新概念音乐丛书) |
| ISBN 7-5438-4063-4:CNY23.00 |
| 本书内容包括:竹笛演奏基础知识、发音及气息练习、各种指法及节奏练习、手指技术等。 |
| ● |
| 相关链接 |
|
|
|
|
正题名:笛子入门
索取号:J632.11/44
 
预约/预借
| 序号 | 登录号 | 条形码 | 馆藏地/架位号 | 状态 | 备注 |
| 1 | 0611262 | 206112623 | 第一样本阅览室/ [索取号:J632.11/44] | 在馆 | |
| 2 | 0611263 | 206112632 | 第一借阅区/ [索取号:J632.11/44] | 在馆 | |
| 3 | 0611264 | 206112641 | 第一借阅区/ [索取号:J632.11/44] | 在馆 |